Energy momentum tensors /

Guardado en:
Autor Principal: Hermann, Robert, 1931-
Formato: Libro
Idioma:English
Publicado: Brookline, Mass. : Math Sci Press, 1973.
Series:Interdisciplinary mathematics ; v. 4
Etiquetas: Agregar Etiqueta
Sin Etiquetas, Sea el primero en etiquetar este registro!
LEADER 00568nam a2200181 a 4500
001 MAT.inmabb005039
008 080826s1973####mau######b####000#0#eng##
005 20180222125014.0
245 1 0 |a Energy momentum tensors /  |c Robert Hermann. 
260 |a Brookline, Mass. :  |b Math Sci Press,  |c 1973. 
300 |a vi, 120 p. ;  |c 21 cm. 
440 0 |a Interdisciplinary mathematics ;  |v v. 4 
504 |a Bibliografía: p. 119-120. 
510 4 |a MR,  |c 58 #9069 
020 |a 0915692031 
100 1 |a Hermann, Robert,  |d 1931- 
084 |a 83Cxx  |2 msc2000 
859 |h 83  |i H552e  |p A-5419  |b BIB. MATEMATICA